Actors Turned Musicians Quiz Stats

Quiz not verified by Sporcle

Also try: Marvel Zombies
Challenge
Share
Tweet
Embed
Score 0/20 Timer 05:00
0 Plays Today
A Movie They Were In Actor/Actress Name % Correct
High FidelityJack Black
89.1%
Pulp FictionBruce Willis
78.2%
Freaky FridayLindsay Lohan
77.2%
Something's Gotta GiveKeanu Reeves
75.6%
Cinderella ManRussell Crowe
73.6%
Requiem for a DreamJared Leto
68.4%
ElfZooey Deschanel
59.6%
Mystic RiverKevin Bacon
56%
Dumb and DumberJeff Daniels
50.8%
ParenthoodSteve Martin
50.8%
A Movie They Were In Actor/Actress Name % Correct
Good Will HuntingMinnie Driver
44%
JFKKevin Costner
44%
KaliforniaJuliette Lewis
42.5%
Vicky Cristina BarcelonaScarlett Johansson
39.9%
The Fifth ElementMilla Jovovich
37.3%
RushmoreJason Schwartzman
35.2%
Garfield Jennifer Love Hewitt
30.6%
The Matrix ReloadedJada Pinkett Smith
24.9%
ArmageddonBilly Bob Thornton
20.7%
Wonder BoysRobert Downey Jr.
10.9%

You're not logged in!

Compare scores with friends on all Sporcle quizzes.
Sign Up with Email
OR
Log In

You Might Also Like...

Show Comments

Extras

Top Quizzes Today


Score Distribution

Your Account Isn't Verified!

In order to create a playlist on Sporcle, you need to verify the email address you used during registration. Go to your Sporcle Settings to finish the process.